000 00351nam a2200121Ia 4500
008 220204s9999 xx 000 0 und d
082 _a519.2
_bKLE
100 _aKleijmen, Jack P C
245 0 _aStatistical techniques in simulation. Pt 1
260 _aNew York
_bMarcel Dekker
_c1974
490 _aStatistics: Textbooks and monographs V 9
942 _cBK
999 _c26557
_d26557